Score 0/30 Timer 05:00
0 Plays Today
Transfer(s) Station % Correct
ZBroad Street
80.3%
N, Q, R, W, 4, 6Canal Street
72.1%
A, C, 2, 3, 4, 5Fulton Street
70.5%
NoneBowery
67.2%
F, MEssex Street
67.2%
MMarcy Avenue
65.6%
4, 5, 6Chambers Street
62.3%
NoneHewes Street
55.7%
A, C, L, Z, LIRR, B83, B20, Q24, Q56 Broadway Junction
55.7%
NoneFlushing Avenue
54.1%
NoneLorimer Street
54.1%
MMyrtle Avenue
52.5%
NoneChauncey Street
49.2%
E, Q44 SBSJamaica Center
49.2%
NoneHalsey Street
47.5%
Transfer(s) Station % Correct
NoneGates Avenue
45.9%
Z Alabama Avenue
44.3%
Q10 to JFK121 Street
44.3%
NoneCypress Hills
41%
None111 Street
41%
ZCrescent Street
39.3%
None104 Street
36.1%
NoneCleveland Street
34.4%
NoneNorwood Avenue
34.4%
NoneVan Siclen Avenue
32.8%
Q52 SBS, Q53 SBSWoodhaven Boulevard
31.1%
NoneKosciusko Street
27.9%
None75 Street - Elderts Lane
23%
None85 Street - Forest Parkway
21.3%
E, Q44 SBS, LIRR, Air Train to JFKStuphin Boulevard JFK Airport
16.4%
Remove Ads.
Support Sporcle.
Get the best of Sporcle when you Go Orange. This ad-free experience offers more features, more stats, and more fun while also helping to support Sporcle. Thank you for becoming a member.

You're not logged in!

Compare scores with friends on all Sporcle quizzes.
OR
Log In

Show Comments

Extras

Created Dec 15, 2018ReportNominate
Tags:mta, station, stop, train, Transfer

Top Quizzes Today


Score Distribution

Your Account Isn't Verified!

In order to create a playlist on Sporcle, you need to verify the email address you used during registration. Go to your Sporcle Settings to finish the process.

Report this User

Report this user for behavior that violates our Community Guidelines.

Details: